000 01135cam a2200301 a 4500
001 3979413
003 OSt
005 20220311110228.0
008 950705s1996 flua b 001 0 eng
010 _a 95024670
020 _a0849351359 (acidfree paper)
040 _aDLC
_cHU
_dDLC
050 0 0 _aTP248.27.P55
_bP566 1996
082 0 0 _a660/.6
_220
245 0 0 _aPlant cell culture secondary metabolism :
_btoward industrial application /
_cedited by Frank DiCosmo, Masanaru Misawa.
260 _aBoca Raton :
_bCRC Press,
_cc1996.
300 _a232 p. :
_bill. ;
_c26 cm.
504 _aIncludes bibliographical references and index.
650 0 _aPlant biotechnology.
_93986
650 0 _aMetabolism, Secondary.
_93987
650 0 _aPlant cells and tissues.
_93988
700 1 _aDiCosmo, Frank.
_93989
700 1 _aMisawa, Masanaru.
_93990
856 4 2 _3Publisher description
_uhttp://www.loc.gov/catdir/enhancements/fy0744/95024670-d.html
906 _a7
_bcbc
_corignew
_d1
_eocip
_f19
_gy-gencatlg
942 _2ddc
_cBOOKS
_n0
999 _c32669
_d32669